000 00486nam a2200145Ia 4500
008 100122s9999 xx 000 0 und d
082 _b1313
_a823
100 _aकरंदीकर शं दि
245 _aपतिव्रता सावित्री
260 _bप्रकाशक शोधणे
_c1924
300 _a55
630 _aपतिव्रता सावित्री
730 _aपतिव्रता सावित्री
942 _cBOOK
999 _c396087
_d396084